Les pays francophones + les DOM-TOM - Statistiques

Statistiques générales
  • Ce quiz a été pris 773 fois
  • Le résultat moyen est 9 sur 44
Statistiques - réponses
Continent Réponse % Correct
Europe France
82%
North America Canada
62%
Africa Senegal
49%
North America Martinique
48%
Africa Congo
47%
North America Guadeloupe
46%
Africa Mali
41%
Africa Reunion
39%
Europe Monaco
31%
Europe Luxembourg
29%
Africa Ivory Coast
28%
Africa Mayotte
28%
Africa Niger
25%
Africa Madagascar
23%
Africa Benin
22%
North America Haiti
22%
Europe Belgium
20%
Africa Togo
20%
Africa Algeria
19%
Africa Gabon
19%
Africa Burkina Faso
16%
Europe Switzerland
14%
North America Saint Martin
12%
Africa Cameroon
10%
Africa Seychelles
10%
Africa Guinea
9%
Africa Rwanda
9%
North America Saint Barthelemy
9%
Africa Djibouti
8%
Oceania French Polynesia
8%
Africa Burundi
7%
Oceania New Caledonia
7%
Oceania Vanuatu
6%
Africa Chad
5%
Africa Central African Republic
4%
Africa Comoros
4%
Africa Democratic Republic of Congo
3%
South America French Guiana
3%
Asia Lebanon
3%
North America Saint Pierre and Miquelon
3%
Oceania Wallis and Futuna
3%
Africa Equatorial Guinea
2%
North America Clipperton Island
1%
Indian Ocean French Southern and Antarctic Lands
0%
Aucun quiz correspondant
Distribution des résultats
% des personnes avec chaque résultat
Percentile par nombre de réponses
Votre historique - résultats
Vous n’avez pas pris ce quiz